| 000 | 00561nam a22002057a 4500 | ||
|---|---|---|---|
| 003 | OSt | ||
| 005 | 20160310150453.0 | ||
| 008 | 160310b xxu||||| |||| 00| 0 eng d | ||
| 020 | _a0273685201 | ||
| 040 | _cDDC | ||
| 082 | _a657ALE 2004 | ||
| 100 |
_aAlexander,David;Nobes,Christopher; _96769 |
||
| 245 |
_aFinancial Accounting. _bAn international Introduction. |
||
| 250 | _a2nd Ed. | ||
| 260 |
_aLondon; _bPrentice Hall, _c2004. |
||
| 300 |
_axviii,477p: _bCol,ill: _c25cm. |
||
| 504 | _aIncludes index | ||
| 650 |
_aAccounting. _91379 |
||
| 942 |
_2ddc _cSLOAN |
||
| 999 |
_c3239 _d3239 |
||